[Event "AZE-ch Women 2019"]
[Site "Baku"]
[Date "2019.02.10"]
[Round "7.8"]
[White "Hajiyeva, Altunay"]
[Black "Heydarova, Aytaj"]
[Result "1-0"]
[WhiteElo "1315"]
[BlackElo "1747"]
[Annotator "NA"]
[PlyCount "87"]
[EventDate "2019.02.04"]
[EventType "swiss"]
[EventCountry "AZE"]
[SourceTitle "playchess.com"]
[Source "ChessBase"]
[SourceQuality "1"]
[TimeControl "40/5400+30:1800+30"]

1. c4 {[%emt 0:02:19]} g6 {[%emt 0:03:11]} 2. Nc3 {[%emt 0:03:00]} Bg7 {[%emt 0:00:04]} 3. d3 {[%emt 0:01:51]} Nf6 {[%emt 0:00:06]} 4. e4 {[%emt 0:00:54]} d6 {[%emt 0:01:20]} 5. f4 {[%emt 0:03:31]} O-O {[%emt 0:02:31]} 6. Be2 {[%emt 0:02:12]} e5 {[%emt 0:01:11]} 7. Bf3 {[%emt 0:03:02]} Nbd7 {[%emt 0:02:30]} 8. Nge2 {[%emt 0:08:27]} Re8 {[%emt 0:02:03]} 9. g3 {[%emt 0:01:50]} c6 {[%emt 0:02:44]} 10. Be3 {[%emt 0:09:02]} a5 {[%emt 0:01:42]} 11. Qc2 {[%emt 0:05:04]} Rb8 {[%emt 0:03:35]} 12. Ba7 {[%emt 0:01:20]} Ra8 {[%emt 0:00:12]} 13. Be3 {[%emt 0:00:25]} Nf8 {[%emt 0:01:38]} 14. h3 {[%emt 0:08:42]} Bd7 {[%emt 0:02:09]} 15. g4 {[%emt 0:03:43]} exf4 {[%emt 0:08:13]} 16. Bxf4 {[%emt 0:03:38]} Ne6 {[%emt 0:07:50]} 17. Bg3 {[%emt 0:09:47]} Ng5 {[%emt 0:10:20]} 18. Bg2 {[%emt 0:01:08]} h5 {[%emt 0:01:00]} 19. Bf4 {[%emt 0:11:59]} Ne6 {[%emt 0:01:47]} 20. Bxd6 {[%emt 0:03:02]} hxg4 {[%emt 0:03:01]} 21. e5 {[%emt 0:00:24]} gxh3 {[%emt 0:01:39]} 22. Bxh3 {[%emt 0:01:12]} Nh5 {[%emt 0:00:59]} 23. O-O-O {[%emt 0:03:31]} Bxe5 {[%emt 0:07:33]} 24. Bxe5 {[%emt 0:02:50]} Qg5+ {[%emt 0:00:01]} 25. Qd2 {[%emt 0:04:03]} Qxe5 {[%emt 0:00:28]} 26. d4 {[%emt 0:00:39]} Qc7 {[%emt 0:02:19]} 27. Bg4 {[%emt 0:01:12]} Neg7 {[%emt 0:04:57]} 28. Bxd7 {[%emt 0:01:49]} Qxd7 {[%emt 0:01:19]} 29. Nf4 {[%emt 0:00:48]} Nxf4 {[%emt 0:15:06]} 30. Qxf4 {[%emt 0:00:09]} Qf5 {[%emt 0:00:23]} 31. Qh6 {[%emt 0:00:56]} Nh5 {[%emt 0:00:10]} 32. Rdf1 {[%emt 0:00:35]} Qd3 {[%emt 0:03:37]} 33. Rfg1 {[%emt 0:01:00]} Qxd4 {[%emt 0:00:37]} 34. Qxh5 {[%emt 0:02:10]} Re1+ {[%emt 0:05:19]} 35. Nd1 {[%emt 0:00:44]} Rxg1 {[%emt 0:04:15]} 36. Qh7+ {[%emt 0:00:08]} Kf8 {[%emt 0:00:12]} 37. Rxg1 {[%emt 0:00:11]} Rd8 {[%emt 0:01:09]} 38. Qh2 {[%emt 0:00:30]} Qxc4+ {[%emt 0:00:19]} 39. Nc3 {[%emt 0:00:31]} Qe6 {[%emt 0:00:50]} 40. Qh6+ {[%emt 0:00:00]} Ke8 {[%emt 0:00:00]} 41. Qh8+ {[%emt 0:02:37]} Ke7 {[%emt 0:01:35]} 42. Qh4+ {[%emt 0:00:30]} g5 {[%emt 0:01:05]} 43. Qxg5+ {[%emt 0:03:35]} Ke8 {[%emt 0:00:32]} 44. Rh1 {[%emt 0:02:20]} 1-0

[Event "AZE-ch Women 2019"]
[Site "Baku"]
[Date "2019.02.10"]
[Round "7.9"]
[White "Babayeva, Samira"]
[Black "Babazade, Zhala"]
[Result "1/2-1/2"]
[WhiteElo "1773"]
[BlackElo "1823"]
[Annotator "NA"]
[PlyCount "25"]
[EventDate "2019.02.04"]
[EventType "swiss"]
[EventCountry "AZE"]
[SourceTitle "playchess.com"]
[Source "ChessBase"]
[SourceQuality "1"]
[TimeControl "40/5400+30:1800+30"]

1. e4 {[%emt 0:09:14]} g6 {[%emt 0:00:00]} 2. d4 {[%emt 0:00:05]} Bg7 {[%emt 0:00:05]} 3. Nf3 {[%emt 0:00:13]} d6 {[%emt 0:00:37]} 4. Bc4 {[%emt 0:00:37]} h6 {[%emt 0:00:35]} 5. c3 {[%emt 0:00:07]} c6 {[%emt 0:00:05]} 6. Be3 {[%emt 0:01:13]} Nd7 {[%emt 0:00:30]} 7. a4 {[%emt 0:00:08]} Nb8 {[%emt 0:00:13]} 8. Nbd2 {[%emt 0:00:25]} Nd7 {[%emt 0:00:07]} 9. Nb1 {[%emt 0:01:01]} Nb8 {[%emt 0:00:06]} 10. Nbd2 {[%emt 0:00:06]} Nd7 {[%emt 0:00:05]} 11. Nb1 {[%emt 0:00:24]} Nb8 {[%emt 0:00:13]} 12. Nbd2 {[%emt 0:00:12]} Nd7 13. Ng1 1/2-1/2

[Event "AZE-ch Women 2019"]
[Site "Baku"]
[Date "2019.02.11"]
[Round "8.1"]
[White "Soyunlu, Narmin"]
[Black "Mammadzada, Gunay"]
[Result "0-1"]
[WhiteElo "2029"]
[BlackElo "2422"]
[Annotator "TA"]
[PlyCount "54"]
[EventDate "2019.02.04"]
[EventType "swiss"]
[EventCountry "AZE"]
[SourceTitle "playchess.com"]
[Source "ChessBase"]
[SourceQuality "1"]

{[%evp 17,54,0,0,0,0,-21,-13,-25,-11,-39,-42,-53,-77,-108,-109,-525,-445,-416,-598,-1063,-816,-1941,-1025,-927,-678,-1082,-873,-29989,-29990,-29990,-29991,-29991,-29992,-29996,-29997,-29997,-29998,-29998,-29999]} 1. d4 d5 2. c4 c6 3. Nf3 Nf6 4. e3 Bf5 5. cxd5 cxd5 6. Qb3 Qc7 7. Bd2 Nc6 8. Nc3 {[%cal Bb1c3,Bc3a4,Ba4b6][%mdl 32]} e6 9. Rc1 a6 10. Be2 {D12: Slav Defence: 3 Nf3 Nf6 4 e3 Bf5} Bd6 11. Na4 (11. O-O O-O 12. h3 h6 13. Rfd1 Na5 14. Qa4 b5 15. Bxb5 axb5 16. Nxb5 Qd7 17. Bxa5 Rfb8 18. Ne5 Bxe5 19. dxe5 Rxb5 20. b4 Rbxa5 21. Qxd7 Nxd7 22. bxa5 Rxa5 {0-1 (22) Iglesias,J (2273)-Fressinet,L (2660) Nancy 2017}) 11... O-O 12. O-O {The position is equal.} Ne4 13. h3 Qe7 $146 ({Predecessor:} 13... Nxd2 14. Nxd2 b5 15. Nc5 Na5 16. Qb4 Qb6 17. a4 Nc6 18. Qb3 Na5 19. Qb4 Nc6 20. Qb3 Na5 21. Qb4 Nc6 {½-½ (21) Shehzad,K (1589)-Edakina,A (1760) Fagernes 2015}) 14. Nb6 Rab8 15. a3 g5 16. Bxa6 $2 {[%mdl 8192] [#]} (16. Be1 $17 {is a better chance.}) 16... g4 $19 17. hxg4 Bxg4 18. Rfd1 bxa6 19. Rxc6 Qf6 20. Bb4 Bxb4 21. axb4 Bxf3 22. gxf3 Qxf3 {Black mates.} 23. Qc2 Kh8 24. Kf1 Rg8 25. Rc8 Rbxc8 26. Nxc8 Rg2 27. Rd2 Ng3+ {Accuracy: White = 21%, Black = 76%.} 0-1

[Event "AZE-ch Women 2019"]
[Site "Baku"]
[Date "2019.02.11"]
[Round "8.2"]
[White "Balajayeva, Khanim"]
[Black "Mammadova, Gulnar"]
[Result "1-0"]
[WhiteElo "2397"]
[BlackElo "2368"]
[Annotator "TA"]
[PlyCount "67"]
[EventDate "2019.02.04"]
[EventType "swiss"]
[EventCountry "AZE"]
[SourceTitle "playchess.com"]
[Source "ChessBase"]
[SourceQuality "1"]

{[%evp 14,67,19,20,47,51,51,48,183,175,193,165,175,170,168,154,190,191,204,203,195,178,164,175,166,174,173,165,181,185,161,177,253,189,198,189,268,275,390,281,381,369,351,253,387,382,756,747,729,729,754,716,736,693,800,714]} 1. e4 e6 2. d4 d5 3. Nc3 Bb4 4. exd5 exd5 5. Bd3 Nc6 6. a3 Bxc3+ 7. bxc3 Nge7 8. Qf3 {LiveBook: 104 Games} Ng6 {C01: French: Exchange Variation} (8... Be6 9. Nh3 Qd7 10. Ng5 O-O-O 11. O-O Rdf8 12. Nxe6 fxe6 13. Qe2 Nf5 14. a4 Nd6 15. Re1 Re8 16. Bf4 Rhf8 {1-0 (57) Vachier Lagrave,M (2788)-Caruana,F (2795) chess.com INT 2016}) 9. Ne2 O-O 10. h4 {[%cal Bh2h4,Bh4h5,Bh5h6][%mdl 32]} f5 (10... Re8 $14) 11. h5 $18 Nge7 $146 ({Predecessor:} 11... Nh8 12. Bf4 Be6 13. Qg3 Nf7 14. Bxc7 Qe7 15. Bf4 Rac8 16. Kf1 Na5 17. Rd1 Qxa3 18. h6 g6 19. Be5 Nc6 20. Qxg6+ {1-0 (20) Sanchez Castillo,S (2274)-Alarcon,P (1718) San Salvador 2008}) 12. h6 {Hoping for hxg7.} g6 13. Bg5 Qd6 14. Nf4 Be6 15. O-O Rae8 16. Rfe1 Nc8 17. Nxe6 Rxe6 18. Bf4 Qd7 19. Rxe6 Qxe6 20. Bxc7 Re8 21. Rb1 Re7 22. Qg3 Qf7 (22... Rd7 $142 23. Bf4 Rf7) 23. Bf4 Nb6 24. Bb5 Qe8 (24... Re8 {was worth a try.} 25. Bc7 Qe7) 25. Bg5 Rd7 (25... Rf7 $142 26. a4 Qc8 27. Bxc6 Qxc6 28. Qb8+ Qc8 29. Qxa7 Nc4) 26. Kf1 Qf8 27. Bxc6 bxc6 28. Qe5 f4 (28... Rf7 $142 29. Re1 Qa8 30. Qe8+ Qxe8 31. Rxe8+ Rf8) 29. Qe6+ Rf7 $2 (29... Qf7 30. Qxc6 Rc7) 30. Qxc6 {White is clearly winning.} f3 31. g4 Qb8 32. Re1 {[#] White threatens Re8+ and mate.} Nd7 33. Qxd5 Kf8 {aiming for ...Qh2.} 34. Qe6 {Precision: White = 81%, Black = 31%.} 1-0

[Event "AZE-ch Women 2019"]
[Site "Baku"]
[Date "2019.02.11"]
[Round "8.3"]
[White "Beydullayeva, Govhar"]
[Black "Allahverdiyeva, Ayan"]
[Result "1-0"]
[WhiteElo "2239"]
[BlackElo "2051"]
[Annotator "TA"]
[PlyCount "73"]
[EventDate "2019.02.04"]
[EventType "swiss"]
[EventCountry "AZE"]
[SourceTitle "playchess.com"]
[Source "ChessBase"]
[SourceQuality "1"]

{[%evp 20,72,42,28,34,5,5,5,5,5,5,10,0,4,34,26,38,10,18,17,25,8,8,14,38,16,72,89,123,120,135,31,38,32,18,27,37,33,43,14,24,19,27,32,593,587,1381,1364,2554,2222,29979,29979,29997,29998,29999]} 1. c4 e6 2. Nf3 d5 3. d4 c5 4. cxd5 exd5 5. g3 Nf6 6. Bg2 Be7 7. Nc3 Nc6 8. O-O O-O 9. Bg5 c4 10. Ne5 Be6 11. b3 h6 {D34: Tarrasch Defence: 6 g3 Nf6 7 Bg2 Be7} (11... Qa5 12. Qd2 Bb4 13. Nxc6 bxc6 14. Bxf6 gxf6 15. Rfc1 Rad8 16. bxc4 dxc4 17. e3 f5 18. Bxc6 f4 19. a3 fxe3 20. Qxe3 Bxc3 21. Rxc3 {½-½ (33) So,W (2656)-Akobian,V (2628) Wijk aan Zee 2010}) 12. Bf4 cxb3 13. Nxc6 bxc6 {The position is equal.} 14. axb3 Qd7 15. Na4 Rfe8 16. Ra2 g5 $146 ({Predecessor:} 16... Ne4 17. Qa1 Qb7 18. Rc1 a5 19. f3 {½-½ (30) Krimbacher,W (2199)-Jeute,V (2246) ICCF email 2012}) 17. Bc1 Bh3 18. f3 Bxg2 19. Kxg2 Rab8 20. Nc5 Bxc5 21. dxc5 d4 22. Rd2 Red8 (22... Qe6 $11) 23. e4 $16 d3 24. Bb2 Ne8 {[#]} 25. Re1 (25. h4 $1 $16) 25... Qe6 $1 $14 26. Rxd3 Rxd3 27. Qxd3 {b4 is the strong threat.} Qxb3 28. Bc3 {Hoping for Qd4.} Rb4 $1 29. Re3 Ra4 30. Qd8 $40 {[%mdl 128] White attacks.} Qe6 31. g4 {And now Rd3 would win.} f6 $2 {[%mdl 8192]} ({Black should play} 31... Kf8 $14) 32. Rd3 $18 Kf8 33. Rd6 Ra2+ 34. Kg3 Qc4 35. Rxf6+ {[%mdl 64] [#] Double Attack. White mates.} Kg7 36. Qe7+ Kh8 37. Rf8# {Accuracy: White = 63%, Black = 31%.} 1-0

[Event "AZE-ch Women 2019"]
[Site "Baku"]
[Date "2019.02.11"]
[Round "8.4"]
[White "Mamedjarova, Turkan"]
[Black "Mamedjarova, Zeinab"]
[Result "1/2-1/2"]
[WhiteElo "2267"]
[BlackElo "2307"]
[Annotator "TA"]
[PlyCount "26"]
[EventDate "2019.02.04"]
[EventType "swiss"]
[EventCountry "AZE"]
[SourceTitle "playchess.com"]
[Source "ChessBase"]
[SourceQuality "1"]

{[%evp 11,26,37,36,29,47,25,48,14,59,21,30,0,48,0,24,0,61]} 1. e4 d5 2. exd5 Qxd5 3. Nc3 Qd8 4. d4 Nf6 5. Nf3 Bg4 6. Be2 e6 7. h3 {B01: Scandinavian Defence} Bh5 8. O-O Be7 (8... c6 9. g4 Bg6 10. Ne5 Bb4 11. f4 Ne4 12. Nxg6 Nxc3 13. bxc3 hxg6 14. cxb4 Rxh3 {1-0 (29) Bologan,V (2640)-Moskalenko,A (2490) Sochi 2016}) 9. Be3 {White is slightly better.} Nd5 10. Bd2 $146 ({Predecessor:} 10. Nxd5 exd5 11. c4 dxc4 12. g4 Bg6 13. Ne5 Nd7 14. Bxc4 Nb6 15. Bb3 {1-0 (31) Tuma,J (2305)-Vagner,T (2271) Czechia 2010}) 10... Nf6 11. Be3 Nd5 12. Bd2 Nf6 13. Be3 Nd5 {Accuracy: White = 29%, Black = 54%.} 1/2-1/2

[Event "AZE-ch Women 2019"]
[Site "Baku"]
[Date "2019.02.11"]
[Round "8.5"]
[White "Hajiyeva, Laman"]
[Black "Hojjatova, Aydan"]
[Result "1-0"]
[WhiteElo "2040"]
[BlackElo "2303"]
[Annotator "TA"]
[PlyCount "71"]
[EventDate "2019.02.04"]
[EventType "swiss"]
[EventCountry "AZE"]
[SourceTitle "playchess.com"]
[Source "ChessBase"]
[SourceQuality "1"]

{[%evp 27,71,25,40,26,51,52,78,75,81,89,86,33,32,26,27,34,100,115,100,100,100,100,100,82,76,80,82,92,106,29,130,52,91,99,69,71,670,616,826,666,988,571,1658,1639,29985,29986]} 1. d4 e6 2. c4 Nf6 3. Nc3 Bb4 4. e3 O-O 5. Bd3 d5 6. a3 Bxc3+ 7. bxc3 c5 8. cxd5 exd5 9. Ne2 b6 10. O-O Ba6 11. Ng3 Re8 12. f3 Bxd3 13. Qxd3 Nc6 14. Bb2 c4 15. Qd2 {E49: Nimzo-Indian: Rubinstein: 5 Bd3 d5 6 a3 Bxc3+ 7 bxc3} h5 16. Rae1 g6 {[#]} 17. Bc1 $146 {White is better.} ({Predecessor:} 17. Qc2 h4 18. Nh1 Nh5 19. Bc1 Re6 20. e4 Qe7 21. Nf2 Re8 22. Nh3 f6 {½-½ (59) Macieja,B (2618)-Bartel,M (2609) Lublin 2009}) 17... h4 18. Nh1 Na5 19. Qf2 (19. Qc2 $16) 19... Nb3 $14 20. e4 {Bg5 is the strong threat.} Nxc1 21. Rxc1 Qe7 {[#]} ({Better is} 21... Nh5 $14) 22. e5 $1 $16 {[%cal Re5f6]} Nh5 23. f4 f5 24. Qf3 Rad8 25. g4 hxg3 26. hxg3 Ng7 27. Nf2 Qxa3 28. g4 ({White should try} 28. Ra1 $16 Qe7 29. Nd1) 28... Qf8 {[#]} (28... Rf8 $11) 29. Kg2 (29. gxf5 $1 $16 {aiming for f6.} Nxf5 30. Ng4) 29... Ne6 30. gxf5 gxf5 {With the idea ...Qg7+.} 31. Nd1 {Black must now prevent Rh1.} Qf7 $2 {[%mdl 8192]} (31... Qh6 $16) 32. Ne3 $18 Ng7 33. Kf2 Kf8 34. Rg1 a5 35. Rg5 Qd7 36. Qh3 {Accuracy: White = 63%, Black = 31%.} 1-0

[Event "AZE-ch Women 2019"]
[Site "Baku"]
[Date "2019.02.11"]
[Round "8.7"]
[White "Jafarova, Aysel"]
[Black "Abdulla, Khayala"]
[Result "0-1"]
[WhiteElo "1376"]
[BlackElo "2243"]
[Annotator "TA"]
[PlyCount "98"]
[EventDate "2019.02.04"]
[EventType "swiss"]
[EventCountry "AZE"]
[SourceTitle "playchess.com"]
[Source "ChessBase"]
[SourceQuality "1"]

{[%evp 13,98,0,0,0,0,-26,-26,-26,71,32,18,14,31,18,19,-83,-81,-83,-76,-270,-58,-93,-18,-40,-40,-97,-61,-52,18,5,11,8,16,8,24,0,0,16,21,9,16,0,0,-2,0,0,0,-23,-23,-53,-36,-31,-32,-39,-29,-44,-60,-333,-327,-302,-72,-426,-146,-135,-136,-81,-95,-369,-368,-410,-409,-1027,-1016,-1010,-1010,-1019,-1011,-1059,-1039,-1048,-1045,-1147,-1126,-1217,-1203,-5378,-5378]} 1. d4 Nf6 2. Nf3 e6 3. e3 c5 4. c3 b6 5. Bd3 Bb7 6. O-O d5 7. Nbd2 Nc6 8. Qe2 {D05: Colle System with ...e6} (8. Re1 Be7 9. dxc5 bxc5 10. e4 Qc7 11. exd5 exd5 12. Nf1 O-O 13. Bg5 Rfe8 14. Ne3 d4 15. Nf5 dxc3 16. Nxe7+ Nxe7 17. Bxf6 gxf6 18. bxc3 {½-½ (44) Morovic Fernandez,I (2527)-Bachmann,A (2646) Buenos Aires 2017}) 8... Be7 9. dxc5 bxc5 10. e4 {Black has an edge.} d4 (10... Qc7 $11) 11. cxd4 $146 ({Predecessor:} 11. e5 Nd5 12. cxd4 Nf4 13. Qe3 Nxd3 14. Qxd3 cxd4 15. Nb3 Qb6 {0-1 (34) Preck,H (2017)-Fluch,C (1831) Austria 2012}) 11... cxd4 12. e5 Nd5 13. Nb3 Ndb4 14. a3 (14. Rd1 $11) 14... Nxd3 $17 15. Qxd3 {[%cal Rb3d4]} Qd5 16. Bf4 $2 {[#]} (16. Nbxd4 $17 {keeps fighting.} Nxe5 17. Qe2) 16... a5 $2 (16... g5 $1 $19 {[%mdl 512]} 17. Bg3 (17. Nxg5 Nxe5) 17... h5) 17. Rfc1 {[#]} Ba6 (17... g5 $1 $17 {[%mdl 512]} 18. Bg3 (18. Nxg5 Nxe5) 18... h5) 18. Qc2 Rc8 {White must now prevent ...Nxe5.} 19. Nbd2 (19. Nc5 $15 d3 20. Qc3 Nxe5 21. Qxe5 Qxe5 22. Bxe5 Bxc5 23. b4 axb4 24. axb4 Bxb4 25. Rcb1) 19... d3 20. Qb3 Qd7 ({Black should play} 20... O-O $15) 21. Qb6 Bb7 22. Rc3 O-O 23. Rd1 Nb8 24. Qxa5 (24. Nc4 {looks sharper.} Be4 25. Qe3 Qb7 26. Rdc1 Bc5 27. Qd2) 24... Rxc3 25. Qxc3 Rc8 26. Qd4 Qb5 {And now ...Bc5 would win.} 27. a4 Qa6 28. Ne1 Rd8 29. Qc4 Qa8 30. Ndf3 Ba6 $36 {[%mdl 2048] Black fights for an advantage.} 31. Qc3 Rc8 {[%mdl 1024] Black has compensation.} 32. Qd2 Qe4 33. b3 Nc6 34. Qe3 Qb4 35. Nxd3 $2 {[%mdl 8192]} (35. Rb1 $15) 35... Qxb3 $19 36. Rd2 {[#]} Na5 $2 ({Weaker is} 36... Qxa4 37. h3 $17) (36... Nb4 $1 $19 {[%cal Rb4d3] is more deadly.} 37. Nxb4 Rc1+ 38. Ne1 Qxe3 39. fxe3 Rxe1+ 40. Kf2 Rf1+ 41. Kg3 Bxb4 42. Rd8+ Bf8) 37. Nd4 $2 {[%mdl 8192]} (37. Nde1 $17 {is tougher.}) 37... Qb1+ $2 (37... Qxa4 $19 {and Black stays clearly on top.} 38. Nf3 Nc4) 38. Qe1 $17 Bxd3 {[%cal Rb1e1]} 39. Rd1 {[#]} Rb8 $1 {Hoping for ...Qb4.} 40. Rxb1 $4 {[%mdl 8192]} (40. h4 $17 {was called for.} Bc5 41. Rxb1 Rxb1 42. Bc1 Bxd4 43. Qxa5 Rxc1+ 44. Kh2) 40... Rxb1 $19 {[%cal Rb1e1]} 41. Bc1 {[#]} Ba3 $1 {[%mdl 512]} 42. Nf3 (42. Bd2 $142 Rxe1+ 43. Bxe1) (42. Bxa3 Rxe1#) 42... Rxc1 {Black is clearly winning.} 43. Qxc1 Bxc1 44. Nd4 Kf8 45. g3 Bb2 46. Nf3 Bc3 47. h4 Nc6 48. Ng5 Nxe5 49. Nxh7+ Bxh7 {Accuracy: White = 28%, Black = 44%.} 0-1

[Event "AZE-ch Women 2019"]
[Site "Baku"]
[Date "2019.02.11"]
[Round "8.8"]
[White "Heydarova, Aytaj"]
[Black "Babayeva, Samira"]
[Result "1-0"]
[WhiteElo "1747"]
[BlackElo "1773"]
[Annotator "NA RC"]
[PlyCount "59"]
[EventDate "2019.02.04"]
[EventType "swiss"]
[EventCountry "AZE"]
[SourceTitle "playchess.com"]
[Source "ChessBase"]
[SourceQuality "1"]
[TimeControl "40/5400+30:1800+30"]

1. Nf3 {[%emt 0:00:00]} f5 {[%emt 0:17:46]} 2. g3 {[%emt 0:00:29]} d6 {[%emt 0:00:39]} 3. d4 {[%emt 0:00:11]} c6 {[%emt 0:00:04]} 4. Bg2 {[%emt 0:00:17]} Qc7 {[%emt 0:00:06]} 5. O-O {[%emt 0:01:47]} e5 {[%emt 0:00:08]} 6. c4 {[%emt 0:00:26]} Be7 {[%emt 0:00:27]} 7. b3 {[%emt 0:03:01]} Bf6 {[%emt 0:03:17]} 8. Bb2 {[%emt 0:02:33]} e4 {[%emt 0:02:59]} 9. Ne1 {[%emt 0:00:45]} d5 {[%emt 0:00:43]} 10. cxd5 {[%emt 0:01:01]} cxd5 {[%emt 0:00:05]} 11. Nc3 {[%emt 0:00:04]} Ne7 {[%emt 0:02:51]} 12. Rc1 {[%emt 0:00:58]} Nbc6 {[%emt 0:00:39]} 13. Nb5 {[%emt 0:02:28]} Qd7 {[%emt 0:00:11]} 14. Ba3 {[%emt 0:01:30]} O-O {[%emt 0:00:11]} 15. Nc2 {[%emt 0:02:41]} g5 {[%emt 0:06:38]} 16. Qd2 {[%emt 0:10:56]} Rf7 {[%emt 0:03:44]} 17. f4 {[%emt 0:07:32]} gxf4 {[%emt 0:02:34]} 18. Qxf4 {[%emt 0:01:11]} Rg7 {[%emt 0:00:40]} 19. e3 {[%emt 0:00:12]} a6 {[%emt 0:01:12]} 20. Nd6 {[%emt 0:02:10]} Bg5 {[%emt 0:02:20]} 21. Qf2 {[%emt 0:00:17]} b5 {[%emt 0:00:28]} 22. Bh3 {[%emt 0:01:00]} b4 {[%emt 0:04:38]} 23. Nxc8 {[%emt 0:00:39]} Rxc8 {[%emt 0:01:38]} 24. Nxb4 {[%emt 0:02:23]} Nxd4 {[%emt 0:04:43]} 25. Rxc8+ {[%emt 0:01:51]} Qxc8 {[%emt 0:01:32]} 26. exd4 {[%emt 0:00:47]} Qc3 {[%emt 0:00:42]} 27. Nc2 {[%emt 0:01:32]} Nc6 {[%emt 0:00:49]} 28. Qxf5 {[%emt 0:00:36]} h5 {[%emt 0:01:00]} 29. Qf8+ {[%emt 0:00:10]} Kh7 {[%emt 0:00:12]} 30. Bf5+ {[%emt 0:00:11]} 1-0